| 000 | 00998nam a22002297a 4500 | ||
|---|---|---|---|
| 005 | 20240530110512.0 | ||
| 008 | 151125s2012 jo a g 000 0 ara d | ||
| 017 |
_a2012/10/3674 _bالاردن . دائرة المكتبة الوطنية |
||
| 020 | _a9789957832148 | ||
| 040 | _aEG-CaGPL | ||
| 082 | 0 | 4 |
_221 _a741.58\ _bب ك |
| 100 | 1 | _aبيان حسن اعمر . | |
| 245 | 1 | 2 |
_aالكامل فى برنامج ادوبى فلاش cs5 / _cتاليف بيان حسن اعمر ، عدلى محمد عبدالهادى ، محمد عبدالله الدرايسة . |
| 250 | _aط1. | ||
| 260 |
_aالاردن : _bمكتبة المجتمع العربى للنشر و التوزيع ، _c2013 . |
||
| 300 |
_a405 ص ؛ _c24 سم . |
||
| 650 | 0 | 4 | _aادوبى فلاش cs5 . |
| 700 | 0 |
_aعدلى محمد عبدالهادى _eمؤلف مشارك . |
|
| 700 | 0 |
_aمحمد عبدالله الدرايسة _eمؤلف مشارك . |
|
| 942 |
_2ddc _cBK |
||
| 999 |
_c61703 _d61703 |
||